|
|
|
|
| LEADER |
00000nam0a2200000 4500 |
| 001 |
68579 |
| 005 |
20231101212406.0 |
| 010 |
|
|
|a 5819901517
|
| 010 |
|
|
|a 5-16-002157-4
|
| 035 |
|
|
|a (RuTPU)RU\TPU\book\73029
|
| 090 |
|
|
|a 68579
|
| 100 |
|
|
|a 20041007d2005 m y0rusy50 ca
|
| 101 |
0 |
|
|a rus
|
| 102 |
|
|
|a RU
|
| 105 |
|
|
|a a j 001zy
|
| 200 |
1 |
|
|a Радиотехнические цепи и сигналы. Компьютеризированный курс
|e учебное пособие для вузов
|f В. И. Каганов
|
| 210 |
|
|
|a Москва
|c Форум
|c Инфра-М
|d 2005
|
| 215 |
|
|
|a 432 с.
|c ил.
|
| 225 |
1 |
|
|a Высшее образование
|
| 320 |
|
|
|a Библиогр.: с. 423-426.
|
| 606 |
1 |
|
|a Радиосигналы
|2 stltpush
|3 (RuTPU)RU\TPU\subj\72439
|9 85955
|
| 610 |
1 |
|
|a радиотехника
|
| 610 |
1 |
|
|a радиотехнические системы
|
| 610 |
1 |
|
|a радиотехнические цепи
|
| 610 |
1 |
|
|a сообщения
|
| 610 |
1 |
|
|a передача
|
| 610 |
1 |
|
|a прием
|
| 610 |
1 |
|
|a спектральная теория
|
| 610 |
1 |
|
|a модуляция
|
| 610 |
1 |
|
|a случайные сигналы
|
| 610 |
1 |
|
|a линейные цепи
|
| 610 |
1 |
|
|a анализ
|
| 610 |
1 |
|
|a фильтры
|
| 610 |
1 |
|
|a нелинейные цепи
|
| 610 |
1 |
|
|a высокочастотные колебания
|
| 610 |
1 |
|
|a генерация
|
| 610 |
1 |
|
|a радиосигналы
|
| 610 |
1 |
|
|a демодуляция
|
| 610 |
1 |
|
|a дискретные сигналы
|
| 610 |
1 |
|
|a цифровая обработка
|
| 610 |
1 |
|
|a вейвлет-преобразования
|
| 610 |
1 |
|
|a учебные пособия
|
| 675 |
|
|
|a 621.372(075.8)
|v 3
|
| 700 |
|
1 |
|a Каганов
|b В. И.
|g Вильям Ильич
|
| 801 |
|
1 |
|a RU
|b 63413507
|c 20041007
|g PSBO
|
| 801 |
|
2 |
|a RU
|b 63413507
|c 20130405
|g PSBO
|
| 900 |
|
|
|a Радиотехника и электроника
|
| 942 |
|
|
|c BK
|
| 952 |
|
|
|a 552500
|b 200700
|
| 959 |
|
|
|a 114/20040906
|d 2
|e 173
|f ЧЗТЛ:2
|